Shortest Words - G - Statistics

General Stats
  • This quiz has been taken 50 times
  • The average score is 42 of 47
Answer Stats
Answer % Correct
go
100%
gap
98%
get
98%
gi
98%
got
98%
gab
95%
gad
95%
gae
95%
gag
95%
gal
95%
gam
95%
gan
95%
gar
95%
gat
95%
gay
95%
gee
95%
gas
93%
gem
93%
gen
93%
git
93%
goa
93%
gob
93%
god
93%
gum
93%
gun
93%
gut
93%
ged
91%
gel
91%
gey
91%
gib
91%
gid
91%
gie
91%
gig
91%
gin
91%
gos
91%
gif
88%
gis
88%
goo
88%
gor
88%
gul
88%
guy
86%
gox
84%
guv
79%
gym
67%
ghi
58%
gnu
58%
grr
37%
No matching quizzes found
Score Distribution
Percent of People with Each Score
Percentile by Number Answered
Your Score History
You have not taken this quiz